00592nam a2200193Ia 4500008004000000020001500040082001300055100001900068245004800087250000500135260004300140300001300183650001900196690001700215700001900232906001100251999001700262952011900279210210b1986 xxu||||| |||| 00| 0 eng d a007Y666040 a576 MCKM aMCKANE (Larry) aMicro-Biology: Essentials and applications. a aNew York.bMcGraw-Hill book Co.,c1986 axvi, 777 aMicrobiology  aMicrobiology aKANDEL (Judy). a044857 c94080d94080 001040708BiologyaALbALcBiologyd2021-02-17g411.00l0o576 MCKMp044857r2021-02-17 00:00:00w2021-02-17yBK